000
00264nam a2200109Ia 4500
008
220204s9999 xx 000 0 und d
082
_a
82-3
_b
WOU
100
_a
Wouk, H
245
0
_a
Don's stop the carnival
260
_a
Glasgow
_b
William Collins
_c
1965
942
_c
BK
999
_c
29276
_d
29276